| 000 | 00532cam5a220018100 4500 | ||
|---|---|---|---|
| 001 | tmp15850281 | ||
| 003 | UPRA | ||
| 005 | 20190815135246.0 | ||
| 008 | 951107s1976 xx eng u | ||
| 035 | _a(Sirsi) r36438 | ||
| 035 | _a(UPRA)tmp15850281 | ||
| 040 | _cUPRA | ||
| 100 | 1 |
_aRhyne, Charles S., 1912- _dRhyne, Charles S., 1912- _6A98820.1 |
|
| 245 | 1 | 0 | _aLawmaking activities of the international atomic energy agency. |
| 260 | _c1976. | ||
| 949 |
_aKJ865 _wlcc _i33729001738108 _mMAIN _p2500 _tBOOK _lON-SHELF |
||
| 004 | 36438 | ||
| 999 |
_c77787 _d77787 |
||